| 000 | 00602nam a2200193 a 4500 | ||
|---|---|---|---|
| 005 | 20140310183435.0 | ||
| 008 | 080130s19uu xx 00 eng d | ||
| 020 | _a0324206240 | ||
| 050 |
_aT 396 _b.St735 2005 |
||
| 100 | _aStevens, Ruth P. | ||
| 245 |
_aTrade show and event marketing : _bplan, promote, and profit. / |
||
| 260 |
_aAustralia : _bThomson, _c2005 |
||
| 300 |
_a340 p. : _bill. ; _c24 cm. |
||
| 521 | _aBSBA | ||
| 650 |
_aTrade shows _xHandbooks, manuals, etc. |
||
| 650 |
_aCongresses and conventions _xPlanning _xHandbooks, manuals, etc. |
||
| 942 |
_cBK _2lcc _kFOR |
||
| 999 |
_c22845 _d22845 |
||